La comunidad fragmentada: Nación y desigualdad en Chile

Kaydedildi:
Detaylı Bibliyografya
Yazar: Bengoa Cabello, José (Yazar)
Materyal Türü: Kitap
Dil:İspanyolca
Baskı/Yayın Bilgisi: Santiago Catalonia 2009
Edisyon:1a. ed
Seri Bilgileri:Trilogía del Bicentenario
Konular:
Etiketler: Etiketle
Etiket eklenmemiş, İlk siz ekleyin!

MARC

LEADER 00000cam a2200000 a 4500
001 UCG1349
003 CL-VaPUC
008 100429e20091000CL |||||||||||||||||spa|d
020 |a 9789563240337 
082 0 4 |a 983  |b BEN  |2 21 
100 |a Bengoa Cabello, José  |e author  |9 603139 
245 1 3 |a La comunidad fragmentada: Nación y desigualdad en Chile 
250 |a 1a. ed 
300 |a 173 p 
942 |c BK 
945 |d 20100429 00:00:00  |a dcastane 
260 |a Santiago  |b Catalonia  |c 2009 
650 0 |a Historia de Chile  |9 265473 
650 0 |a Desigualdad   |9 523161 
650 0 |a Discriminación   |9 335101 
650 0 |a Anarquía  |9 353514 
651 7 |a CHILE  |2 CL-VaPUC  |9 549250 
583 |a last modification  |c 20190705 09:24:38  |k Rodrigo Vera 
490 0 |a Trilogía del Bicentenario 
999 |c 340753  |d 340751 
952 |0 0  |1 0  |4 0  |6 983_000000000000000_BEN_2009  |7 0  |8 A  |9 435735  |a BIBCUR  |b BIBCUR  |d 2019-11-22  |i 4668251  |o 983 BEN 2009  |p 4668251  |r 2025-04-22  |w 2019-11-22  |y BK  |k PER 
952 |0 0  |1 0  |4 0  |6 983_000000000000000_BEN_2009  |7 0  |8 A  |9 435736  |a BIBGIM  |b BIBGIM  |d 2019-11-22  |i 4894383  |o 983 BEN 2009  |p 4894383  |r 2025-01-15  |w 2019-11-22  |y BK  |k SSL 
952 |0 0  |1 0  |3 erb  |4 0  |6 983_000000000000000_BEN_2009  |7 0  |8 A  |9 435737  |a BIBEDU  |b BIBEDU  |i 5367417  |o 983 BEN 2009  |p 5367417  |r 2019-11-22  |w 2019-11-22  |y BK  |z Catalogado en:20170317  |k FIL